Detské domovy

Z obsahu: V detských domovoch na Slovensku žije vyše 4-tisíc detí. Aby sa deti ľahšie zaradili do života, treba zintenzívniť ich výchovu k samostatnosti. Medzi pracovníkmi detských domovov panuje neistota, tvrdí riaditeľ Detského mestečka v Zlatovciach.

Salvato in:
Dettagli Bibliografici
Autore principale: Reiselová, E.
Natura: Capitolo di libro
Lingua:slovacco
Soggetti:
Tags: Aggiungi Tag
Nessun Tag, puoi essere il primo ad aggiungerne!!

MARC

LEADER 00000naa a2200000 4500
001 r026169
005 20230921080410.7
041 0 |a slo 
044 |a SK 
245 1 0 |a Detské domovy  |c E. Reiselová 
520 |a Z obsahu: V detských domovoch na Slovensku žije vyše 4-tisíc detí. Aby sa deti ľahšie zaradili do života, treba zintenzívniť ich výchovu k samostatnosti. Medzi pracovníkmi detských domovov panuje neistota, tvrdí riaditeľ Detského mestečka v Zlatovciach. 
610 2 0 |a zariadenia starostlivosti sociálnej 
610 2 0 |a deti 
610 2 0 |a starostlivosť sociálna 
610 2 0 |a výchova 
610 2 0 |a Slovensko 
100 1 |a Reiselová, E.